| 000 | 00000nam##2200000za#4500 |
| 001 | 9.573115 |
| 003 | CaOODSP |
| 005 | 20210624183541 |
| 007 | cr ||||||||||| |
| 008 | 150406|2004||||xxc|||||o f|0| 0 eng|d |
| 040 | |aCaOODSP|beng |
| 043 | |an-cn--- |
| 086 | 1 |aBT31-4/57-2004E-PDF |
| 110 | 1 |aCanada. |bTreasury Board. |
| 245 | 10|aOffice of the Auditor General of Canada - 2003-04 estimates, performance report |h[electronic resource] |
| 260 | |aOttawa - Ontario : |bTreasury Board of Canada Secretariat |c[2004]. |
| 300 | |a64p.|bfig., graphs, references, tables, photographs |
| 490 | 1 |aPerformance report for the period ending March 31, 2004 |
| 590 | |a12-05-Supp|b2012-03-02 |
| 775 | 08|tBureau du vérificateur général du Canada - budget de 2003-2004, rapport sur le rendement |w(CaOODSP)9.603337 |
| 776 | 0#|tOffice of the Auditor General of Canada |w(CaOODSP)9.539968 |
| 776 | 0#|tBureau du vérificateur général du Canada |w(CaOODSP)9.539969 |
| 830 | #0|aPerformance report for the period ending March 31, 2004.|w(CaOODSP)9.506265 |
| 856 | 40|ahttp://publications.gc.ca|qPDF|s811 KB|uhttps://publications.gc.ca/collections/collection_2012/sct-tbs/BT31-4-57-2004-eng.pdf |